| 000 | 00567nam a2200169Ia 4500 | ||
|---|---|---|---|
| 003 | GCL | ||
| 008 | 140319s9999 xx 000 0 ara d | ||
| 040 |
_aGCL / _cGCL |
||
| 082 | 0 | 4 |
_aق _b923.2 _bع م |
| 100 | 1 | _aعبدالعزيز رفاعى | |
| 245 | 1 | 0 |
_aمحمد سلطان امام التاريخ من اوثق المصادر التاريخية / _cعبدالعزيز رفاعى |
| 300 | _a78 ص | ||
| 490 | _a | ||
| 650 | 0 | 4 | _aمحمد سلطان |
| 650 | 0 | 4 | _aمصر - تاريخ - العصر الحديث - الثورة العرابية |
| 942 |
_2ddc _cBK |
||
| 999 |
_c39586 _d39586 |
||